Регионална библиотека "Любен Каравелов" - Русе

11 тренировъчни теста по български език и литература (Запис номер 436934)

MARC детайли
000 -Лидер
Контролно поле с фиксирана дължина 01504nam a2200277 a 4500
003 - Код на организацията, давaща контролен номер
Контролно поле BLK
005 - Дата и час на последна редакция
Контролно поле 20250423112858.0
008 - Елементи от данни с фиксирана дължина
fixed length control field 190401b bu ||||| |||| 00| 0 bu d
020 ## - Международен стандартен номер на книга ISBN
Международен стандартен номер на книга ISBN 9789545276453
040 ## - Източник на каталожния запис
Идентификатор на билиотеката - собственик на записа BLK
041 ## - Код за език
Код за езика на текст/звукозапис или на отделно заглавие Български
Код за езика КДБФ Български
080 ## - УДК
Текстов определител УДК Български език в основното училище. Методика на обучението
УДК код - определител по УДК 373.3.016:811.163.2
УДК определител (079)(075.2)
УДК - код + определител 373.3.016:811.163.2(079)(075.2)
080 ## - УДК
Текстов определител УДК Българска литература в основното училище. Методика на обучението
УДК код - определител по УДК 373.3.016:821.163.2
УДК определител (079)(075.2)
УДК - код + определител 373.3.016:821.163.2(079)(075.2)
100 1# - Редна дума - Автор
Автор Борисов, Борислав Славов
R(LIN) 41622
139 ## - Редно поле
Редна дума Борисов, Борислав Славов
Авторски знак Борд - Б 65
245 ## - Сведения за заглавието
Заглавие 11 тренировъчни теста по български език и литература
Редно поле (дума) Борислав Борисов, Росица Калайджиева
Подзаглавни данни За националното външно оценяване / приемен изпит в края на 7. клас
260 ## - Област на издателските данни
9 (RLIN) 209515
Място на издаване, разпространение и проч. София
Име на издателя, разпространителя и проч. Дамян Яков
Година на издаване 2020
Печатница София : Симолини 94
300 ## - Физическа характеристика
Страници 143 с.
Илюстрации и др. с табл.
Размери/Мащаб 24 см
Съпровождащи материали 1 оптичен диск
380 ## - Жанр
Жанр Обществени науки
700 ## - Други автори (авторска отговорност)
9 (RLIN) 342019
Лично име Калайджиева, Росица Георгиева
Автороска отговорност (Описва отношението между автора и произведението) съавт.
852 ## - Местоположение
Форматна сигнатура Цб
Фондова буква Хранилище
999 ## - СИСТЕМНИ КОНТРОЛНИ НОМЕРА
Koha biblionumber 436934
Koha biblioitemnumber 436934
942 ## - АРТИКУЛИ
Вид на библиотечния материал Книги
Скрит в OPAC Не
Периодичен библиозапис Да
Koha issues (borrowed), all copies 17
944 ## - СЪЗДАВАНЕ И РЕДАКЦИЯ на ЗАПИСА
Служител, извършил регистрацията/редакцията 30549
Статус, дата на статуса Вася Ганчева
999 ## - СИСТЕМНИ КОНТРОЛНИ НОМЕРА
Koha biblioitemnumber 436934
999 ## - СИСТЕМНИ КОНТРОЛНИ НОМЕРА
Koha biblioitemnumber 436934
Наличности
Код за отписване Код за изгубен артикул Източник на класификационната схема Код за повреда Коз за рестрикции Код за отдаване Артикулен № Име на библиотеката - собственик Име на библиотеката, в която се намира в момента Статус (Текущо местоположение) Дата на вписване в системата Местоположение - отдел Цена в лева Систематично азбучна сигнатура Баркод Цена в евро Служебен тип на артикула
  Не е изгубен Universal Decimal Classification Не е повреден без рестрикции заемане за дома 862156 Регионална библиотека "Любен Каравелов" Русе Регионална библиотека "Любен Каравелов" Русе Детски отдел 2021-11-16 Детски отдел 8.40 373.3.016:811.163.2/Б 65 120000862653 4.29 Книги
  Не е изгубен Universal Decimal Classification Не е повреден без рестрикции заемане за дома 862157 Регионална библиотека "Любен Каравелов" Русе Регионална библиотека "Любен Каравелов" Русе Детски отдел 2021-11-16 Детски отдел 8.40 373.3.016:811.163.2/Б 65 120000862651 4.29 Книги
  Не е изгубен Universal Decimal Classification Не е повреден без рестрикции заемане за дома 862158 Регионална библиотека "Любен Каравелов" Русе Регионална библиотека "Любен Каравелов" Русе Детски отдел 2021-11-16 Детски отдел 8.40 373.3.016:811.163.2/Б 65 120000862652 4.29 Книги
  Не е изгубен Universal Decimal Classification Не е повреден само за читалня ползва се в читалня 921243 Регионална библиотека "Любен Каравелов" Русе Регионална библиотека "Любен Каравелов" Русе Хранилище 2022-12-21 Хранилище 12.00 Цб 315896 120000881039 6.14 Книги
Vip Innovations Ltd, Rousse, Bulgaria 2025